Music Quiz

Random Music Quiz

Can You Name The Seventeen Member By Their Eyebrow? Quiz Stats

 Plays Quiz not verified by Sporcle

Challenge
Share
Tweet
Score 0/13 Timer 05:00
0 Plays Today
% Correct
DK
97.7%
Hoshi
96.7%
S.Coups
95.5%
Seungkwan
91.9%
Vernon
89.6%
Wonwoo
89.1%
Dino
87.7%
Mingyu
87.4%
Jeonghan
86.5%
Woozi
84.9%
Joshua
84.5%
Jun
83.1%
The8
81.1%

You're not logged in!

Compare scores with friends on all Sporcle quizzes.
Join for Free
OR
Log In

You Might Also Like...

Show Comments

Extras

Top Quizzes Today


Score Distribution

Your Account Isn't Verified!

In order to create a playlist on Sporcle, you need to verify the email address you used during registration. Go to your Sporcle Settings to finish the process.

Report this User

Report this user for behavior that violates our Community Guidelines.

Details: